000 00453nam a2200181 a 4500
001 1770453313682
003 YourLibrary
005 20260207140846.0
008 260207s2008##################000#0#eng##
020 _a9788184730579
082 0 4 _a332.63221
_bCOL
100 1 _aCollison, David,
_eauthor.
245 1 0 _aShare Valuation Handbook :
260 _c2008.
300 _a992 pages
942 _cENGLISH
040 _aYourLibrary
_beng
_cYourLibrary
999 _c611121
_d611121